Part L: a question of compromise (Record no. 75762)

MARC details
000 -LEADER
fixed length control field 00988cab a2200193 4500
001 - CONTROL NUMBER
control field L130659
008 - FIXED-LENGTH DATA ELEMENTS--GENERAL INFORMATION
fixed length control field 050823n2005 000 0 eng u
035 ## - SYSTEM CONTROL NUMBER
System control number (Sirsi) u130659
041 ## - LANGUAGE CODE
Language code of text/sound track or separate title eng
100 ## - MAIN ENTRY--PERSONAL NAME
Personal name Wood, Chris
245 ## - TITLE STATEMENT
Title Part L: a question of compromise
260 ## - PUBLICATION, DISTRIBUTION, ETC.
Date of publication, distribution, etc. 2005
490 ## - SERIES STATEMENT
Series statement Context
Volume/sequential designation (90) July 2005, 19-21(3)
520 ## - SUMMARY, ETC.
Summary, etc. Discusses the need for clear guidance on applying the changes to Part L (Conservation of fuel and energy) of the Building Regulations, due to come into force at the end of 2005, to historic buildings. English Heritage is revising its guidance, "Building Regulations and historic buildings", on how the objectives of the energy conservation and building conservation can be met without harming the character of traditional buildings.
590 ## - LOCAL NOTE (RLIN)
Local note IKA300805
650 ## - SUBJECT ADDED ENTRY--TOPICAL TERM
Topical term or geographic name entry element BUILDING REGULATIONS 2000 APPROVED DOCUMENT L (2002 EDITION)
690 ## - LOCAL SUBJECT ADDED ENTRY--TOPICAL TERM (OCLC, RLIN)
Topical term or geographic name as entry element BUILT ENVIRONMENT-BUILDING TYPES-HISTORIC BUILDINGS AND ANCIENT MONUMENTS
942 ## - ADDED ENTRY ELEMENTS (KOHA)
Suppress in OPAC 0
Holdings
Withdrawn status Lost status Source of classification or shelving scheme Damaged status Not for loan Home library Current library Shelving location Date acquired Total Checkouts Full call number Barcode Date last seen Copy number Price effective from Koha item type
    Dewey Decimal Classification     London London Journal article 23/08/2005   L130659 130659-1001 06/08/2019 1 06/08/2019 Journal article